Central Library OPAC University of Rajshahi

Italy / (Record no. 26044)

MARC details
000 -LEADER
fixed length control field 00806cam a2200277 4500
001 - CONTROL NUMBER
control field 26044
003 - CONTROL NUMBER IDENTIFIER
rucl marc code BD-RjUL
005 - DATE AND TIME OF LATEST TRANSACTION
control field 20211209050949.0
008 - FIXED-LENGTH DATA ELEMENTS--GENERAL INFORMATION
fixed length control field 140320s1970 enkabf b 001 0 eng
020 ## - INTERNATIONAL STANDARD BOOK NUMBER
International Standard Book Number 0500120218
035 ## - SYSTEM CONTROL NUMBER
System control number (BD-RjUL)26114
040 ## - CATALOGING SOURCE
Original cataloging agency DLC
Transcribing agency DLC
Modifying agency DLC
-- BD-RjUL
Language of cataloging eng
041 ## - LANGUAGE CODE
Language code of text/sound track or separate title eng
082 00 - DEWEY DECIMAL CLASSIFICATION NUMBER
Classification number 914.5039
Author mark and year JUI 1970
100 1# - MAIN ENTRY--PERSONAL NAME
Personal name Jucker, Ninetta S.
Dates associated with a name 1913-
9 (RLIN) 80015
245 10 - TITLE STATEMENT
Title Italy /
Statement of responsibility, etc. Ninetta Jucker.
260 ## - PUBLICATION, DISTRIBUTION, ETC. (IMPRINT)
Place of publication, distribution, etc. London :
Name of publisher, distributor, etc. Thames & Hudson,
Date of publication, distribution, etc. c1970.
300 ## - PHYSICAL DESCRIPTION
Pagination 208 p. of plates :
Illustrations illus., 2 maps ;
Size 22 cm.
350 ## - PRICE (NR) (BK AM CF MU VM SE) [OBSOLETE]
Price 35/-
490 0# - SERIES STATEMENT
Series statement New nations and peoples library
504 ## - BIBLIOGRAPHY, ETC. NOTE
Bibliography, etc Includes bibliographical references (p. 182) and index.
651 #0 - SUBJECT ADDED ENTRY--GEOGRAPHIC NAME
Geographic name Italy
General subdivision History
Chronological subdivision 20th century.
9 (RLIN) 80016
942 ## - ADDED ENTRY ELEMENTS (KOHA)
Source of classification or shelving scheme Dewey Decimal Classification
Koha item type Books
Holdings
Lost status Source of classification or shelving scheme Damaged status Not for loan Collection code Permanent Location Current Location Shelving location Date acquired Source of acquisition Cost, normal purchase price Total Checkouts Full call number Date last seen Copy number Koha item type
  Dewey Decimal Classification   Added to bundle Non-fiction Central Library, University of Rajshahi Central Library, University of Rajshahi Reading Room 14/08/1972 Paramount book corporation 69.30   914.5039 JUI 1970 20/03/2014 C-1 Books